New competence framework for management consultants (Record no. 72286)

MARC details
000 -LEADER
fixed length control field 01314cam a2200205 4500
001 - CONTROL NUMBER
control field WB3910-06
008 - FIXED-LENGTH DATA ELEMENTS--GENERAL INFORMATION
fixed length control field 030311n2003 000 0 eng u
035 ## - SYSTEM CONTROL NUMBER
System control number (Sirsi) u121600
245 ## - TITLE STATEMENT
Title New competence framework for management consultants
260 ## - PUBLICATION, DISTRIBUTION, ETC.
Date of publication, distribution, etc. 2003
490 ## - SERIES STATEMENT
Series statement RICS Management Consultancy Faculty News
Volume/sequential designation 7 March 2003, (1)
520 ## - SUMMARY, ETC.
Summary, etc. The Institute of Management Consultancy has recently developed the Certified Management Consultant CMC qualification into a new broader framework to define the knowledge,skills and behaviours of the fully competent management consultant. It sets out a standard for those within the profession and can be used as a benchmark for clients in developing their expectations of consultants. Further information is available at http://www.imc.co.uk/our_standards/competence_framework.php.Copiesof the competence framework can be purchased t +44 (0) 20 7566 5220 or [email protected] http://www.rics.org/ricscms/bin/show?class=News&template=/includes/shownews.html&id=5101&faculty=Management%20Consultancy&faculty=All%20Faculties
590 ## - LOCAL NOTE (RLIN)
Local note WB
650 ## - SUBJECT ADDED ENTRY--TOPICAL TERM
Topical term or geographic name entry element MANAGEMENT CONSULTANTS
650 ## - SUBJECT ADDED ENTRY--TOPICAL TERM
Topical term or geographic name entry element Management consultancy
9 (RLIN) 6255
650 ## - SUBJECT ADDED ENTRY--TOPICAL TERM
Topical term or geographic name entry element COMPETENCIES
650 ## - SUBJECT ADDED ENTRY--TOPICAL TERM
Topical term or geographic name entry element PROFESSIONAL STANDARDS
690 ## - LOCAL SUBJECT ADDED ENTRY--TOPICAL TERM (OCLC, RLIN)
Topical term or geographic name as entry element MANAGEMENT-BUSINESS MANAGEMENT
942 ## - ADDED ENTRY ELEMENTS (KOHA)
Suppress in OPAC 0
Holdings
Withdrawn status Lost status Source of classification or shelving scheme Damaged status Not for loan Home library Current library Shelving location Date acquired Total Checkouts Full call number Barcode Date last seen Copy number Price effective from Koha item type
    Dewey Decimal Classification     London London News article 11/03/2003   WB3910-06 121600-1001 06/08/2019 1 06/08/2019 News article